Κατάλογος Βιβλιοθηκών Mediterranean College

Health Psychology Through the Life Span / Practice and Research Opportunities (Record no. 3638)

MARC details
000 -LEADER
fixed length control field 01722cam a22002054a 4500
005 - ΗΜΕΡΟΜΗΝΙΑ ΚΑΙ ΩΡΑ ΤΕΛΕΥΤΑΙΑΣ ΕΝΗΜΕΡΩΣΗΣ
Πεδίο ελέγχου 20250605164121.0
008 - FIXED-LENGTH DATA ELEMENTS--GENERAL INFORMATION
Πεδίο ελέγχου σταθερού μήκους 250528s ||||||||||||||||||||||||d
035 ## - SYSTEM CONTROL NUMBER
System control number 18269
020 ## - ISBN
ISBN 155798378
040 ## - ΠΗΓΗ ΚΑΤΑΛΟΓΟΓΡΑΦΗΣΗΣ
Φορέας πρωτότυπης καταλογογράφησης MC Athens Campus Library
Γλώσσα καταλογογράφησης Ελληνικά, Μοντέρνα (1453-)
Modifying agency MC Athens Campus Library
Κανόνες περιγραφικής καταλογογράφησης AACR2
245 1# - ΤΙΤΛΟΣ ΚΑΙ ΔΗΛΩΣΗ ΥΠΕΥΘΥΝΟΤΗΤΑΣ
Τίτλος Health Psychology Through the Life Span / Practice and Research Opportunities
260 ## - PUBLICATION, DISTRIBUTION, ETC.
Name of publisher, distributor, etc. Εκδοτικό Κέντρο Βόρειας Ελλάδας,
Date of publication, distribution, etc. 1996
300 ## - PHYSICAL DESCRIPTION
Extent 470
520 ## - SUMMARY, ETC.
Summary, etc. This book explores a vast array of critical services that health psychologists can provide in both the practice and research arenas. Foreword, Acknowledgements, Introduction, Overview, Psychology as a Health Care Profession: Its Evolution, The New Structure of Health Care and a Role for Psychology, A Life-Course Perspective on Physical and Psychological Health, Psychologists in Primary Care Settings, Psychologists as Primary Care Practitioners, Psychologists and Pediatricians in Collaborative Practice, Catching Depression in Primary Care Physicians' Offices, Helping Physicians Make Useful Recommendations about Losing Weight, Psychologists in Tertiary Care Settings, Establishing a Role for Psychology in Respiratory Medicine, Health Psychology and the Field of Urology, Touch Therapies for Pain Management and Stress Reduction, Psychologists in Disease Prevention and Health Promotion, African American Women and Their Families and HIV/ AIDS, Revolution in Health Promotion: Smoking Cessation as a Case Study, Reducing College Student Binge Drinking: A Harm-Reduction Approach, Psychologists as Health Care Providers, Index.
700 1# - ΠΡΟΣΘΕΤΗ ΑΝΑΓΡΑΦΗ--ΦΥΣΙΚΟ ΠΡΟΣΩΠΟ
Personal name Resnick Robert J
9 (RLIN) 2557
700 1# - ΠΡΟΣΘΕΤΗ ΑΝΑΓΡΑΦΗ--ΦΥΣΙΚΟ ΠΡΟΣΩΠΟ
Personal name Rozensky Ronald H
9 (RLIN) 4547
942 ## - ADDED ENTRY ELEMENTS (KOHA)
Koha item type Books
Holdings
Τύπος τεκμηρίου Βιβλιοθήκη Τρέχουσα τοποθεσία Barcode Αριθμός εισαγωγής Ημερομηνία απόκτησης Ταξιθετικό σύμβολο Αριθμός αντιτύπου Κατάσταση απόσυρσης Κατάσταση χαμένου Κατάσταση κατεστραμμένου Μη δανεισμός Σύνολο δανεισμών Ημερομηνία τελευταίας εμφάνισης Η τιμή ισχύει από
Books MC Athens Campus Library MC Athens Campus Library 9780000036377 2837 05/06/2025 616.89 RES 1           05/06/2025 05/06/2025

MC Athens Campus Library
Πατησίων 94 & Κοδριγκτώνος 13, 104 34
Πελλήνης 8 & Πατησίων 107, 112 51
Τ: +30 210 8899600

MC Thessaloniki Campus Library
Ίωνος Δραγούμη 21, 54625 | Ίωνος Δραγούμη 15, 54625
Τ: +30 2310 287779 – Τ: +30 2314 440300